Henry and Mudge and Annie's perfect pet / (Record no. 2324)

MARC details
000 -LEADER
fixed length control field 00987nam a22003017a 4500
005 - DATE AND TIME OF LATEST TRANSACTION
control field 20240719092253.0
020 ## - INTERNATIONAL STANDARD BOOK NUMBER
International Standard Book Number 9780689834431
040 ## - CATALOGING SOURCE
Original cataloging agency FISKH
Language of cataloging eng
Transcribing agency FISKH
Modifying agency FISKH
050 ## - LIBRARY OF CONGRESS CALL NUMBER
Classification number PZ7.R982
082 ## - DEWEY DECIMAL CLASSIFICATION NUMBER
Classification number 507
100 ## - MAIN ENTRY--PERSONAL NAME
Personal name Rylant, Cynthia
245 ## - TITLE STATEMENT
Title Henry and Mudge and Annie's perfect pet /
Statement of responsibility, etc. The Twentieth Book of Their Adventures by Cynthia Rylant illustrated by Sucie Stenvenson
250 ## - EDITION STATEMENT
Edition statement First Alladin Paperbacks Edition February 2001
260 ## - PUBLICATION, DISTRIBUTION, ETC.
Place of publication, distribution, etc. New York :
Name of publisher, distributor, etc. Simon Spotlight,
Date of publication, distribution, etc. 2000
300 ## - PHYSICAL DESCRIPTION
Extent 31 pages :
Other physical details illustrations
Dimensions 23 cm
490 ## - SERIES STATEMENT
Series statement Henry and Mudge
505 ## - FORMATTED CONTENTS NOTE
Formatted contents note J<br/>
520 ## - SUMMARY, ETC.
Summary, etc. Although Henry's cousin Annie likes his dog Mudge, when she gets her own pet she decides that a bunny will be perfect for her.
521 ## - TARGET AUDIENCE NOTE
Target audience note 490 <br/>
Source Lexile <br/>
521 ## - TARGET AUDIENCE NOTE
Target audience note J<br/>
Source Raz-Plus<br/>
650 ## - SUBJECT ADDED ENTRY--TOPICAL TERM
Topical term or geographic name entry element dog
650 ## - SUBJECT ADDED ENTRY--TOPICAL TERM
Topical term or geographic name entry element animals
650 ## - SUBJECT ADDED ENTRY--TOPICAL TERM
Topical term or geographic name entry element wild animals
650 ## - SUBJECT ADDED ENTRY--TOPICAL TERM
Topical term or geographic name entry element pet
700 ## - ADDED ENTRY--PERSONAL NAME
Personal name Stevenson, Sucie
Relator term Illustrator
942 ## - ADDED ENTRY ELEMENTS (KOHA)
Source of classification or shelving scheme Dewey Decimal Classification
Koha item type Books
Suppress in OPAC No
999 ## -
-- 2324
-- 2324
Holdings
Withdrawn status Lost status Source of classification or shelving scheme Damaged status Not for loan Collection Home library Current library Shelving location Date acquired Total Checkouts Full call number Barcode Date last seen Date last checked out Price effective from Koha item type
    Dewey Decimal Classification     Juvenile Fiction Footprints International School Library Network Toul Kork Campus Footprints International School Library Network Toul Kork Campus TK Primary Library Room(4th Floor), Bookcase 1&2, Shelves 1-16, Dark Blue Books 11/17/2023 2 RYL 507 PZ7.R982 FISTK01187 02/26/2026 02/13/2026 11/17/2023 Books